|
|
|
|
| LEADER |
01035nam a2200265 a 4500 |
| 001 |
11897354 |
| 008 |
091102s2000 ii b 001 0 eng d |
| 010 |
|
|
|a 00024739
|
| 020 |
|
|
|a 8170369002 (India)
|
| 020 |
|
|
|a 0761994343 (US)
|
| 040 |
|
|
|a DLC
|c DLC
|d DLC
|
| 082 |
0 |
0 |
|a 338.954
|2 21
|
| 100 |
1 |
|
|a Palande, P. S.,
|d 1937-
|
| 245 |
1 |
0 |
|a Coping with liberalisation :
|b the industry's response to new competition /
|c P.S. Palande.
|
| 260 |
|
|
|a New Delhi ;
|a Thousand Oaks, Calif. :
|b Response Books,
|c 2000.
|
| 300 |
|
|
|a 377 p. ;
|c 23 cm.
|
| 504 |
|
|
|a Includes bibliographical references (p. [372]-373) and index.
|
| 541 |
1 |
|
|e 00011181
|
| 650 |
|
0 |
|a Industrial policy
|z India.
|
| 650 |
|
0 |
|a Competition
|z India.
|
| 650 |
|
0 |
|a Structural adjustment (Economic policy)
|z India.
|
| 650 |
|
0 |
|a Liberalism
|z India.
|
| 852 |
4 |
|
|a Ayesha Abed Library
|j General Shelf
|
| 999 |
|
|
|c 5571
|d 5571
|
| 952 |
|
|
|0 0
|1 0
|2 ddc
|4 0
|6 338_954000000000000_PAL_2000
|7 0
|9 5467
|a BRACUL
|b BRACUL
|c GEN
|d 2009-11-17
|g 580.00
|l 0
|o 338.954 PAL
|p 3010011181
|r 2009-11-17
|t 1
|w 2009-11-17
|y BK
|